<?xml version="1.0" encoding="UTF-8"?><?xml-stylesheet type="text/xsl" href="static/style.xsl"?><OAI-PMH xmlns="http://www.openarchives.org/OAI/2.0/" xmlns:xsi="http://www.w3.org/2001/XMLSchema-instance" xsi:schemaLocation="http://www.openarchives.org/OAI/2.0/ http://www.openarchives.org/OAI/2.0/OAI-PMH.xsd"><responseDate>2026-06-07T07:12:16Z</responseDate><request verb="GetRecord" identifier="oai:riuma.uma.es:10630/3387" metadataPrefix="marc">https://riuma.uma.es/rest/oai/request</request><GetRecord><record><header><identifier>oai:riuma.uma.es:10630/3387</identifier><datestamp>2026-02-03T12:49:09Z</datestamp><setSpec>com_10630_27</setSpec><setSpec>com_10630_3139</setSpec><setSpec>com_10630_10</setSpec><setSpec>col_10630_563</setSpec></header><metadata><record xmlns="http://www.loc.gov/MARC21/slim" xmlns:dcterms="http://purl.org/dc/terms/" xmlns:doc="http://www.lyncode.com/xoai" xmlns:xsi="http://www.w3.org/2001/XMLSchema-instance" xsi:schemaLocation="http://www.loc.gov/MARC21/slim http://www.loc.gov/standards/marcxml/schema/MARC21slim.xsd">
   <leader>00925njm 22002777a 4500</leader>
   <datafield ind2=" " ind1=" " tag="042">
      <subfield code="a">dc</subfield>
   </datafield>
   <datafield ind2=" " ind1=" " tag="720">
      <subfield code="a">Terrón Alfonso, Arsenio</subfield>
      <subfield code="e">author</subfield>
   </datafield>
   <datafield ind2=" " ind1=" " tag="720">
      <subfield code="a">García Sancho, Leopoldo</subfield>
      <subfield code="e">author</subfield>
   </datafield>
   <datafield ind2=" " ind1=" " tag="260">
      <subfield code="c">1991</subfield>
   </datafield>
   <datafield ind2=" " ind1=" " tag="520">
      <subfield code="a">El Teleno es un monte situado en la Sierra del mismo nombre, con una altitud de 2185 m., y que forma parte de los Montes de León. Destacan en él, los sustratos ácidos (cuarcitas, pizarras y areniscas). De los líquenes saxícolas que colonizan estos sustratos en alturas superiores a los 1700 m., realizamos un comentario de aquellos más interesantes, destacando entre otros: Chrysotrix chlorina, Fuscidea intercincta,Lecideafurvella,Schaereria tenebrosa, Bellemerea alpina,Lecanora frustulosa,Orphniosporamoriopsis var. bahusiensis, Rhizocarpon ferax, Rhizocarpon hochstetteri, Umbilicaria fi-eyi y Umbilicaria hyperborea</subfield>
   </datafield>
   <datafield ind2=" " ind1=" " tag="520">
      <subfield code="a">El Teleno is a mountain placed in the mountain-chain with the same name. It is 2185 meters high and is a part of the Montes de León. It has acid substrata (quartzites,slates and sandstones). It is made a commentary of the saxicolous lichens living on those substrata over 1700 m., emphasizing among others: Chrysotrix chlorina, Fuscidea intercincta, Lecidea furvella, Schaereria tenebrosa, Bellemerea alpina, Lecanora frustulosa, Orphniospora moriopsis var. bahusiensis, Rhizocarpon ferax, Rhizocarpon hochstetteri, Umbilicaria freyi y Umbilicaria hyperborea.</subfield>
   </datafield>
   <datafield ind1="8" ind2=" " tag="024">
      <subfield code="a">Acta Botánica Malacitana, Nº 16&#xd;
, 1991, Págs. 189&#xd;
-196</subfield>
   </datafield>
   <datafield ind1="8" ind2=" " tag="024">
      <subfield code="a">02109506</subfield>
   </datafield>
   <datafield ind1="8" ind2=" " tag="024">
      <subfield code="a">http://hdl.handle.net/10630/3387</subfield>
   </datafield>
   <datafield ind2="0" ind1="0" tag="245">
      <subfield code="a">Algunos líquenes interesantes de El Teleno (León, NW de España).</subfield>
   </datafield>
</record>
</metadata></record></GetRecord></OAI-PMH>